=LDR 00000nam 2200000 4500 =001 INLIS000000000013178 =005 20130612104618 =008 ***********************************Ind** =035 ##$$0010-061300000013178 =041 ##$$a Ind =082 ##$$a 612 =090 ##$$a 612, Par s =100 ##$$a Parker, Steve =245 ##$$a 100 pengetahuan tentang tubuh manusia, Steve Parker, alih bahasa, gudah naskah halimah =260 ##$$a 2004 $b Bandung =300 ##$$a 48 hlm, ilus, 30 cm =650 ##$$a Tubuh manusia =700 ##$$a Alimah, Gudah Naskah =850 ##$$a NBPNMAT =990 ##$$a 0001/BPAP-NTB/20142015 =990 ##$$a 0001/BPAP-NTB/20142015